Á lódáil...
Hindi Kahani Ka Prakrithivadhy Ravaya (H)
| Príomhúdar: | |
|---|---|
| Formáid: | Printed Book |
| Teanga: | Undetermined |
| Foilsithe: |
NewDelhi :
Jawahar Publishers & Distributors,
2007
|
| LEADER | 00482nam a2200133Ia 4500 | ||
|---|---|---|---|
| 008 | 200324s9999 xx 000 0 und d | ||
| 082 | |a 8H3.09 |b SUB-H | ||
| 100 | |a Subramanyam, V K | ||
| 245 | 0 | |a Hindi Kahani Ka Prakrithivadhy Ravaya (H) | |
| 260 | |a NewDelhi : |b Jawahar Publishers & Distributors, |c 2007 | ||
| 300 | |a 95p. | ||
| 942 | |c BK | ||
| 999 | |c 281039 |d 281039 | ||
| 952 | |0 0 |1 0 |4 0 |6 8H3_09_000000000000000_SUBH |7 0 |9 299585 |a SDE |b SDE |d 2009-09-08 |l 0 |o 8H3.09 SUB-H |p SDE16707 |r 2020-03-27 |w 2020-03-27 |y BK | ||